000 00585nam a22001817a 4500
003 0
005 20241016141141.0
008 241016b xxu||||| |||| 00| 0 eng d
020 _a9781394210978
050 _aHF 5636
_b.F56 2024
245 _aFinancial accounting /
_cJohn Hoggett, John Medlin, Keryn Chalmers, Claire Beattie, Andreas Hellmann, Jodie Maxfield.
250 _a12th ed.
260 _aBrisbane Qld :
_bJohn Wiley & Sons Australia, Ltd.,
_c2024.
300 _axii, 855 p. :
_bcol. ill. ;
_c28 cm.
504 _aIncludes index.
650 _aAccounting.
942 _2lcc
_cBK
999 _c366570
_d366570